02571nab a2200277uuc4500001000800000005001700008008004100025035001200066035002100078040001300099041000800112100003500120245017700155520154300332650002201875650002101897650002701918650001601945700003301961700003101994700004402025700004302069700004502112700003102157773010502188129043720240202104743.0120718m01uu2008 spa  a1290437 a(OCoLC)820649881 ccomduadb aspa10aContreras, Jefferson4auteaut10aCapacidad adsortiva del carbón activado preparado a partir del bagazo de la caña de azúcar para la adsorción de fenol, 2-clorofenol, 2-nitrafenol y 2,4-dimetilfenol3 aSe estudió la capacidad adsortiva del carbón activado obtenido a partir del bagazo de la caña de azúcar (CAB), utilizando una mezcla constituida por fenol. 2-clorofenol, 2-nitrofenol y 2.4-dimetilfenol. El carbón fue obtenido mediante un proceso de activación química del precursor con H,PO, al 40% p/p y una temperatura de 5009C. La caracterización del adsorbente consistió en un anasis flsicoquímico (densidad aparente, contenido de cenizas y contenido de humedad) según las normas ASTM, así como también en la determinación de la superficie especifica. siguiendo el método convencional de Bmnauer-Emmett-Teiler (BET), con isotemas de nitrógeno a 77 K, volumen total de poros. volúmenes de rnicroporos y mesoporos, además de la difracción de rayos X Se utilizó el carbón activado comercial Norit-A (CAC) como patrón de referencia. Las áreas superficiales específicas S,, para el CAB y el CAC fueron 1293 mz/g y 794 m2/g. respectivamente. Se realizaron ensayos de adsorción en fase líquida a diferentes condiciones de pH y concentraciones. Los datos experimentales de las isotermas fueron ajustados a los modelos de Langmuir y Freundüch. y este último resultó con una mejor correlación lineal. En la adsorción de los compuestos fenólicos sobre el CAB a diferentes pH. se encontró que el pH óptimo de adsorción. según valores de K, fueron pH= 3,O para el 2-clorofenol. pH = 4.5 para el 2.4-dimetilfenol. mientras que el pH para el 2-nitrofenol y el fenol fue de 6.5. aCarbón activado aBagazo de caña aActivación química aAdsorción10aFuenmayor, Heberto4auteaut10aColina, Marinela4auteaut10aDíaz Montiel, Altamira Rosa4auteaut10aFernandez Acosta, Nola Maria4auteaut10aPerez de Scott, Maria Josefina4auteaut10aColina, Gilberto4auteaut0 tCiencia (Maracaibo, Venezuela)gVol. 16, No. 01, Ene.-Mar. 2008, 111-121w1285441x1315-20760618358